Yüzleşme :Türkiye vasatlıktan nasıl çıkar?/ (Record no. 67130)
| 000 -BAŞLIK | |
|---|---|
| Sabit Uzunluktaki Kontrol Alanı | 03649nam a22004577a 4500 |
| 001 - KONTROL NUMARASI | |
| Control Dosyası | 0066689 |
| 003 - KONTROL NUMARASI KİMLİĞİ | |
| Kontrol Alanı | KOHA_MİRAKIL |
| 005 - EN SON İŞLEM TARİHİ ve ZAMANI | |
| Kontrol Alanı | 20260207004649.0 |
| 007 - FİZİKSEL TANIM SABİT ALAN - GENEL BİLGİ | |
| Sabit uzunluklu kontrol alanı | ta |
| 008 - SABİT UZUNLUKTAKİ VERİ ÖGELERİ - GENEL BİLGİ | |
| Sabit Alan | 220124b2021 tu |||gr||||#0|||0|tur | |
| 020 ## - ISBN - ULUSLARARASI STANDART KİTAP NUMARASI | |
| Isbn | 9786057635877 |
| 040 ## - KATALOGLAMA KAYNAĞI | |
| Özgün Kataloglama Kurumu | TR-BiSEU |
| Kataloglama Dili | tur |
| Çeviri Kurumu | TR-BiSEU |
| Açıklama Kuralları | rda |
| 041 0# - DİL KODU | |
| Metin ya da ses kaydının dil kodu | tur |
| 044 ## - YAYINLAYAN/ÜRETEN KURULUŞUN ÜLKE KODU | |
| ISO country code | tu |
| 050 ## - SINIFLAMA ve YER NUMARASI | |
| Sınıflama Numarası | HC492 |
| Yer Numarası | .D35 2021 |
| 100 1# - KİŞİ ADI | |
| Yazar Adı (Kişi adı) | Dalgakıran, Adnan. |
| 245 1# - ESER ADI BİLDİRİMİ | |
| Başlık | Yüzleşme :Türkiye vasatlıktan nasıl çıkar?/ |
| Sorumluluk Bildirimi | Adnan Dalgakıran ; Adnan Dalgakıran ; yayın yönetmeni Adem Koçal ; editör Tuğçe İnceoğlu ; kapak tasarımı Kutan Ural.. |
| 264 #1 - ÜRERİM, YAYIN, DAĞITIM ve TELİF BİLDİRİMİ | |
| Yayın yeri | İstanbul : |
| Yayınlayan | Kronik Kitap |
| Yayın tarihi | 2021 |
| 300 ## - FİZİKSEL TANIMLAMA | |
| Sayfa, Cilt vb. | 229 sayfa ; |
| Boyutları | 21 cm. |
| 336 ## - İÇERİK TÜRÜ | |
| Content type term | metin |
| Content type code | txt |
| Source | rdacontent |
| 337 ## - MEDYA TÜRÜ | |
| Media type term | aracısız |
| Media type code | n |
| Source | rdamedia |
| 338 ## - TAŞIYICI TÜRÜ | |
| Carrier type term | cilt |
| Carrier type code | nc |
| Source | rdacarrier |
| 490 0# - DİZİ BİLDİRİMİ | |
| Dizi Bildirimi | Kronik Kitap: 178. |
| 490 0# - DİZİ BİLDİRİMİ | |
| Dizi Bildirimi | İş Dünyası Kitaplığı: 7 |
| 500 ## - GENEL NOT | |
| Genel Not | Kaynakça ve dizin var. |
| 505 ## - İÇİNDEKİLER NOTU | |
| İçindekiler Notu | "Küresel Rekabet Karşısında Türkiye'nin Performansı "Başarısız insanlar hayatla mücadele eden insanlardır. Harekete geçmezsen aslında başarısız da olmazsın. Mücadele edeceksin, yeri geldiğinde başarısız da olacaksın ama bu uzun ve yorucu yolun en sonunda başarıya ulaşacaksın." Başarıyı ölçerken kendimizi kiminle veya hangi ülkelerle kıyaslıyoruz? İçinde bulunduğumuz sistem başarıdan ziyade başarısızlığı mı getiriyor? Neden pek çok alanda Batı'nın gerisinde kaldık? Türkiye son üç yüzyıldır patinaj mı yapıyor? Dünya ekonomisinden aldığımız pay neden değişmiyor? Türkiye'den bir dünya markası çıkabilmesi için neler yapılmalı? Yaratıcı sınıf nasıl ortaya çıkar? Hakiki aydın kimdir? Gençlerden ne bekleniyor? Neden sık sık beyin göçü yaşanıyor? İş dünyasının önde gelen isimlerinden Adnan Dalgakıran, Türkiye'nin gelişmiş ülkeler seviyesine ulaşma yolunda üç yüzyıldır sürdürdüğü koşuyu sadece ekonomik bir perspektifle sınırlı kalmadan; eğitimden hukuka, yönetimden tarihe ve kültüre kadar vasatlık tuzağına sebep olan bütün faktörlere değinerek kapsamlı bir yordamla ele alıyor. Bunun yanı sıra hukuki, yapısal ve sistemsel bazı kronik açıklarımızın nasıl verimlilikten ve gelişmeden uzak kalmamıza sebep olduğunu grafiklerle, sayılarla gösteriyor ve iş dünyasının, sivil toplumun ve devlet kurumlarının son yıllardaki performansını oldukça anlaşılır biçimde ve roman akıcılığında analiz ediyor. Dünyada vasatlık tuzağını aşmış ülkelerin neler yaptığına ayna tutarak sunduğu pek çok fikir ve çözüm önerisiyle aslında Türkiye'yi bir an evvel kendisiyle yüzleşmeye davet ediyor. Yüzleşme, tarih boyunca hepimizin bildiği ama bir türlü üzerine kafa yormak istemediği gerçeklerle yüzleşmeksizin kurtuluş reçetelerine ihtiyaç duymuş ülkesine, ona sevdalı bir zihin tarafından yazılmış derin ve eksiksiz bir rapor..."--Back Cover. |
| 650 #0 - KONU BAŞLIĞI EK GİRİŞ - KONU TERİMİ | |
| Konusal terim veya coğrafi ad | Türkiye--Ekonomik durum. |
| 9 (RLIN) | 8444 |
| 650 #0 - KONU BAŞLIĞI EK GİRİŞ - KONU TERİMİ | |
| Konusal terim veya coğrafi ad | Türkiye--Ekonomi politikası. |
| 9 (RLIN) | 2266 |
| 650 #0 - KONU BAŞLIĞI EK GİRİŞ - KONU TERİMİ | |
| Konusal terim veya coğrafi ad | İş dünyası--Türkiye. |
| 9 (RLIN) | 118429 |
| 650 #0 - KONU BAŞLIĞI EK GİRİŞ - KONU TERİMİ | |
| Konusal terim veya coğrafi ad | Türkiye--ekonomi--iş dünyası--girişimcilik. |
| 9 (RLIN) | 126113 |
| 650 #0 - KONU BAŞLIĞI EK GİRİŞ - KONU TERİMİ | |
| Konusal terim veya coğrafi ad | Bankacılık--finans--teknoloji. |
| 9 (RLIN) | 126114 |
| 650 #0 - KONU BAŞLIĞI EK GİRİŞ - KONU TERİMİ | |
| Konusal terim veya coğrafi ad | Türkiye--siyaset ve devlet yönetimi. |
| 9 (RLIN) | 126115 |
| 650 #0 - KONU BAŞLIĞI EK GİRİŞ - KONU TERİMİ | |
| Konusal terim veya coğrafi ad | Rekabet, Uluslararası. |
| 9 (RLIN) | 18164 |
| 650 #0 - KONU BAŞLIĞI EK GİRİŞ - KONU TERİMİ | |
| Konusal terim veya coğrafi ad | Eğitim--Türkiye |
| 9 (RLIN) | 20458 |
| 650 #0 - KONU BAŞLIĞI EK GİRİŞ - KONU TERİMİ | |
| Konusal terim veya coğrafi ad | Turkey--Economic conditions. |
| 9 (RLIN) | 8442 |
| 650 #0 - KONU BAŞLIĞI EK GİRİŞ - KONU TERİMİ | |
| Konusal terim veya coğrafi ad | Turkey--Economic policy. |
| 9 (RLIN) | 2265 |
| 830 0# - SERİ EK GİRİŞİ - TEKBİÇİM ESER ADI | |
| Tekbiçim Başlık | Kronik Kitap: 178. |
| 9 (RLIN) | 126116 |
| 830 0# - SERİ EK GİRİŞİ - TEKBİÇİM ESER ADI | |
| Tekbiçim Başlık | İş Dünyası Kitaplığı: 7 |
| 9 (RLIN) | 126117 |
| 907 ## - LOCAL DATA ELEMENT G, LDG (RLIN) | |
| a | Sosyal Bilimler |
| 942 ## - EK GİRİŞ ÖGELERİ (KOHA) | |
| Source of classification or shelving scheme | Library of Congress Classification |
| Koha item type | Book |
| Materyal Türü | Kalıcı Konum | Mevcut Konum | Raf Yeri | Sınıflandırma Kaynağı | Edinim Bilgisi | Ana Konular | Alt Konular | Yer Numarası | Demirbaş Numarası | Fatura Tarihi | Geri Çekilme Durumu | Kayıp Durumu | Hasarlı Durumu | Kredi için değil | Kayıt Tarih | Toplam Ödünçverme | Son Görülme Tarihi | Son Kontrol Tarihi | Genel / Bağış Notu |
|---|---|---|---|---|---|---|---|---|---|---|---|---|---|---|---|---|---|---|---|
| Book | Prof. Dr. Azmi Özcan Kütüphanesi | Prof. Dr. Azmi Özcan Kütüphanesi | Uluğbey Salonu | Library of Congress Classification | Bağış | SOSYAL BİLİMLER | Ekonomi Tarihi ve Koşulları | HC492 .D35 2021 | 0066689 | 02/02/2026 | 24/01/2022 | 05/03/2025 | 05/03/2025 | Genel Bağış |
